• 首页
  • 本馆介绍
  • 公告通知
  • 最新文献
  • 馆藏检索
  • 电子资源
  • 读者导购
  • 参考咨询
  • 我的图书馆
  • 登录
  • 详细信息显示
  • 放入我的书架
  • 预约/预借图书
  • 作者相关作品
  • 分类相关作品
  • 丛书相关作品
  • 出版社相关作品

书目信息

  • 表格格式
  • 工作单格式
  • 卡片格式
题名:
中国制造业国际竞争力研究
    
 
作者: 张军生 著
分册:  
出版信息: 北京   人民日报出版社  2013
页数: 244页
开本: 24cm
丛书名: 人民日报学术文库
单 册:
中图分类: F426.4
科图分类:
主题词: 机电工业--ji dian gong ye--国际竞争力--研究--中国
电子资源:
ISBN: 978-7-5115-2051-7
000 01333nam 2200289 450
001 340278
005 20150625104737.95
010    @a978-7-5115-2051-7@dCNY48.00
100    @a20131018d2013 em y0chiy50 ea
101 0  @achi
102    @aCN@b110000
105    @ak a 000yy
106    @ar
200 1  @a中国制造业国际竞争力研究@Azhong guo zhi zao ye guo ji jing zheng li yan jiu@e基于机电产业的实证分析@f张军生著
210    @a北京@c人民日报出版社@d2013
215    @a244页@d24cm
225 2  @a人民日报学术文库@Aren min ri bao xue shu wen ku
300    @a传播哲学社会科学研究最新成果 汇聚哲学社会科学领域重要著作
320    @a有书目 (第211-222页)
330    @a本书在波特“钻石模型”以及国内学者研究基础上, 构建了中国产业经际竞争力的“五因素”评价指标体系, 对中国制造业的国际竞争力进行客观评估;并运用面板数据构造固定效应模型对典型制造业 (机电产业) 国际竞争力的增长模式进行实证分析, 通过理论和实证分析, 对中国制造业竞争力的影响因素进行全面分析和评价, 同时在国际比较基础上探寻中国制造业竞争力的优势和劣势。
410  0 @12001 @a人民日报学术文库
517 1  @a基于机电产业的实证分析@Aji yu ji dian chan ye de shi zheng fen xi
606 0  @a机电工业@Aji dian gong ye@x国际竞争力@x研究@y中国
690    @aF426.4@v5
701  0 @a张军生@Azhang jun sheng@4著
801  0 @aCN@b卓展宏图@c20150525
905    @dF426.4@e143@f4
    
    中国制造业国际竞争力研究:基于机电产业的实证分析/张军生著.-北京:人民日报出版社,2013
    244页;24cm.-(人民日报学术文库)
    传播哲学社会科学研究最新成果 汇聚哲学社会科学领域重要著作
    
    ISBN 978-7-5115-2051-7:CNY48.00
    本书在波特“钻石模型”以及国内学者研究基础上, 构建了中国产业经际竞争力的“五因素”评价指标体系, 对中国制造业的国际竞争力进行客观评估;并运用面板数据构造固定效应模型对典型制造业 (机电产业) 国际竞争力的增长模式进行实证分析, 通过理论和实证分析, 对中国制造业竞争力的影响因素进行全面分析和评价, 同时在国际比较基础上探寻中国制造业竞争力的优势和劣势。
●
相关链接 在E读中查询图书 在五车中查询图书 在当当中查询图书 在豆瓣中查询图书


正题名:中国制造业国际竞争力研究     索取号:F426.4/143         预约/预借

序号 登录号 条形码 馆藏地/架位号 状态 备注
1 865034   208650342   第一样本阅览室/ [索取号:F426.4/143] 在馆    
2 865035   208650351   第一借阅区/ [索取号:F426.4/143] 在馆    
3 865036   208650360   第一借阅区/ [索取号:F426.4/143] 在馆    
4 865037   208650379   第一借阅区/ [索取号:F426.4/143] 在馆    
唐山师范学院图书馆 欢迎您!
大连网信软件有限公司© 版权所有